DN. Prosperi Farinacii ... praxis et theoricae criminalis amplissimae pars quidem quarta ast operum criminalium pars quinta (Registro nro. 37688)

Detalles MARC
000 -ENCABEZADO
Número de control [NR] 02694nam a2200337Ia 4500
008 - DE LONGITUD FIJA DE DATOS DE ELEMENTOS - INFORMACIÓN GENERAL
Elementos de longitud fija [NR] 130821s1618 ne gr lat
040 ## - FUENTE DE CATALOGACION [NR]
Agencia de catalogación original [NR] Co-BoUCM
Idioma de catalogación [NR] spa
041 0# - CODIGO DE IDIOMA [R]
Código de idioma para texto/pista de sonido o título separado [R] Latín
092 ## - SIGNATURA TOPOGRAFICA LOCAL
Número de clasificación local E21N005
100 1# - ASIENTO PRINCIPAL--NOMBRE PERSONAL [NR]
Nombre personal [NR] Farinacci, Prospero
Fechas asociadas con el nombre [NR] 1554-1618
242 00 - TRADUCCION DEL TITULO POR LA AGENCIA CATALOGADORA [R]
Título [NR] Teoría y práctica criminal extensa de Próspero Farinacci. Parte cuarta. Quinta parte de las obras sobre derecho pena
Mención de responsabilidad, etc. [NR] Próspero Farinaccil
Código de idioma del título traducido [NR] spa
245 10 - MENCION DE TITULO [NR]
Título [NR] DN. Prosperi Farinacii ... praxis et theoricae criminalis amplissimae pars quidem quarta ast operum criminalium pars quinta
246 13 - FORMA VARIANTE DEL TITULO [R]
Título propiamente dicho/forma breve del título [NR] [Teoría y práctica criminal extensa de Próspero Farinacci. Parte cuarta. Quinta parte de las obras sobre derecho penal]
260 ## - PUBLICACION, DISTRIBUCION, ETC. (PIE DE IMPRENTA) [R]
Lugar de publicación, distribución, etc. [R] Douai (Holanda)
Nombre del editor, distribuidor, etc. [R] ex officina Marci Wyon [Imprenta y tipografía de Marcos Wyon]
Fecha de publicación, distribución, etc. [R] 1618
300 ## - DESCRIPCION FISICA [R]
Extensión [R] [8], 551, [130] páginas
500 ## - NOTA GENERAL [R]
Nota general [NR] Datos de pie de imprenta confirmados con edición en línea.
500 ## - NOTA GENERAL [R]
Nota general [NR] Detalles físicos: Encuadernación flexible en pergamino, piel rota, manchada y arrugada. Tapas perforadas. Conserva guardas desprendidas, portada impresa a dos tintas incompleta. Dedicatoria al Papa Paulo V y al Cardenal Escipione Borghese. Texto impreso en dos columnas muy densas, con diversos tipos y tamaños de letra. Márgenes amplios. Párrafos numerados. Cenefas de encabezamiento y mayúsculas capitales. Signaturas y Reclamos. Papel ordinario, hoy muy manchado. En el pág. 1 anotación manuscrita: "Colegio Mayor de Nuestra Señora del Rosario". Y en pág. 60 otra anotación : "Es del Colegio Mayor de Nuestra Señora del Rosario del Real Patronato de Santa Fe".
500 ## - NOTA GENERAL [R]
Nota general [NR] Edición en línea incluye otra obra el mismo autor.
500 ## - NOTA GENERAL [R]
Nota general [NR] Titulo asignado desde lo visible de la portada y el encabezado de la pag. 1. y confirmados con la edición en línea.
504 ## - NOTA DE BIBLIOGRAFIA, ETC. [R]
Nota de bibliografía, etc. [NR]
505 0# - NOTA DE CONTENIDO CON FORMATO PREESTABLECIDO [R]
Nota de contenido con formato preestablecido [NR] V.4: Sobre el delito de lesa majestad. ; Sobre el homicidio. ; Sobre los autores intelectuales ["mandator"], los cómplices ["auxiliator"] y los que aconsejaron ["consultor"]. ; Sobre los delitos carnales.
506 ## - NOTA DE RESTRICCIONES DE ACCESO [R]
Condiciones de acceso [NR] Consulta en sala.
546 ## - NOTA DE IDIOMA [R]
Nota de idioma [NR] Texto en latín.
650 04 - ASIENTO SECUNDARIO DE MATERIA - TERMINO TEMATICO [R]
Término temático o nombre geográfico como elemento de entrada [NR] Derecho antiguo
Subdivisión general [R] Obras anteriores a 1700
9 (RLIN) 12707
650 04 - ASIENTO SECUNDARIO DE MATERIA - TERMINO TEMATICO [R]
Término temático o nombre geográfico como elemento de entrada [NR] Derecho civil
9 (RLIN) 12711
650 04 - ASIENTO SECUNDARIO DE MATERIA - TERMINO TEMATICO [R]
Término temático o nombre geográfico como elemento de entrada [NR] Derecho civil
Subdivisión general [R] Obras anteriores a 1700
9 (RLIN) 12711
650 04 - ASIENTO SECUNDARIO DE MATERIA - TERMINO TEMATICO [R]
Término temático o nombre geográfico como elemento de entrada [NR] Proceso penal
Subdivisión general [R] Obras anteriores a 1700
9 (RLIN) 22389
856 41 - LOCALIZACION Y ACCESO ELECTRONICOS [R]
Nota dirigida al público [R] Disponible en línea V.4
Identificador Uniforme del Recurso (“URI”) [R] <a href="http://books.google.com.co/books?id=TqY_AAAAcAAJ&printsec=frontcover&dq=operum+criminalium+1618&source=bl&ots=RrUhYkerAh&sig=30KJOSp5DrDkfgAqrW9W66pDUTg&hl=es&sa=X&ei=mqQFUJy7EoPM9QSJ4eX5Bw&ved=0CEsQ6AEwBTgK#v=onepage&q&f=false">http://books.google.com.co/books?id=TqY_AAAAcAAJ&printsec=frontcover&dq=operum+criminalium+1618&source=bl&ots=RrUhYkerAh&sig=30KJOSp5DrDkfgAqrW9W66pDUTg&hl=es&sa=X&ei=mqQFUJy7EoPM9QSJ4eX5Bw&ved=0CEsQ6AEwBTgK#v=onepage&q&f=false</a>
942 ## - ELEMENTOS DE ENTRADA AGREGADOS (KOHA)
Tipo de ítem principal el descrito en 300a Libro
Tema principal Derecho
Edición 1
Sistema de clasificación DEWEY
Clasificación 345.04
Existencias
Total préstamos Código de barras Última vez visto Volúmen / Fascículo Ejemplar Price effective from Tipo de ítem Perdido Sistema de clasificación Dañado No prestable Tipo de ítem específico Suprimido Ubicación habitual Ubicación actual Localización Fecha de creación Forma de adquisición Costo
  L003091 15/12/2012 E21N005 V.4 Ej.1 03/02/2013 Libro   DEWEY     Libro archivo     Archivo Histórico Archivo histórico 28/02/2013 Donación 0.00